| 000 | 01125nam a2200289 4500 | ||
|---|---|---|---|
| 001 | 167 | ||
| 003 | OSt | ||
| 005 | 20250207104551.0 | ||
| 008 | 250130b |||||||e |||| 00| 0 eng d | ||
| 020 | _a857321094X | ||
| 040 | _bpor | ||
| 041 |
_heng _apor |
||
| 082 |
_a920 _bC754e |
||
| 100 | 1 |
_aConrad, Joseph, _d1857-1924 _9315 |
|
| 240 | _aThe mirror of the sea & A personal record | ||
| 245 |
_aO espelho do mar seguido de um registro pessoal / _cConrad, Joseph ; Tradução e Celso M. Parciornik |
||
| 260 |
_aSão Paulo _bIluminuras _c2002 |
||
| 300 | _a284 p. | ||
| 520 | _a"Ninguém viveu mais intensamente que Conrad, nem ninguém soube realizar uma transformação tão consciente e paciente de sua vida em arte." Andre Gide "A piedade me impulsionou a traduzir em palavras, escolhidas com muito cuidado, memórias de coisas longínquas e de gente que de fato existiu." | ||
| 650 | 0 |
_aLiteratura Inglesa _989 |
|
| 650 | 0 |
_aExperiência de vida _9188 |
|
| 650 | 0 |
_aHistórico _953 |
|
| 650 | 0 |
_aViagens _9189 |
|
| 655 | 0 |
_aBiografia _936 |
|
| 700 |
_aCelso M. Paciornik _eTradutor _9317 |
||
| 942 |
_2ddc _n0 _cBK |
||
| 999 |
_c167 _d167 |
||